000 01109cam a22003257a 4500
003 CHAP
005 20220329141905.0
008 980420d1998 mx a r 00110 spa d
010 _a75343
011 _a76315
035 _a85894
040 _cCHAP
090 _aTesis
100 0 0 _aRamírez Rojas, Juan José.
_994236
245 1 0 _aProyecto para el establecimiento del rastro municipal de Jesús María, Jalisco
_c/por Juan José Ramírez Rojas
260 _aChapingo, Méx. :
_bEl autor,
_c1998.
300 _a72 h. : ilus.
502 _aTesis (Ing. Agroindustrial) --UACH. Departamento de Ingeniería Agroindustrial
590 _aALEPH
_b10
_c20130110
_lUCH01
_h1424
590 _aBATCH-UPD
_b10
_c20130110
_lUCH01
_h0444
590 _aBATCH-UPD
_b10
_c20130410
_lUCH01
_h0121
590 _aBATCH-UPD
_b10
_c20130914
_lUCH01
_h1802
590 _aCONVERSION
_b10
_c20130109
_lUCH01
_h1341
650 1 4 _aMataderos.
_972885
901 _aBK
905 _aAlejandra Carrasco M.
942 _cFOLL
949 _bBC
_cTES
_d33724000588943
_eTS2
_h32655
_i85894
_si
949 _bBC
_cTES
_d858941
_eTS1
_h32654
_i85894
_sb
999 _c75343
_d75343